00830nam a2200241 450000100060000000300080000600500170001400800410003103500230007203500190009504000610011404100080017508200280018310000480021124500790025925000200033826000520035830000400041049000260045050400410047665100350051783000360055225465BD-RjUL20211209050901.0140318s1968 iluab 000 0 eng d a(OCoLC)ocm01016037 a(BD-RjUL)25535 aTOLcTOLdOCLdZCUdChina...Description and travel.beng aeng04219a915.10457bLAC 19681 aLach, Donald F.q(Donald Frederick),d1917-10aChina in the eyes of Europe :bthe sixteenth century /cby Donald F. Lach. a1st phoenix ed. aChicago :bUniversity of Chicago Press,cc1968. a730-821 p. :billus., maps.c21 cm.1 aPhoenix books ;vP296 aIncludes bibliographical references. 0aChinaxDescription and travel. 0aPhoenix books (Chicago, Ill.) ;